[Event "Malaya Zemlya Rapid op"]
[Site "Novorossiysk"]
[Date "2021.07.10"]
[Round "5"]
[White "Onischenko, Leonid"]
[Black "Mnatsakanian, Arsen"]
[Result "1/2-1/2"]
[WhiteElo "1927"]
[BlackElo "2260"]
[PlyCount "64"]
[EventDate "2021.07.10"]
[EventType "swiss (rapid)"]
[EventRounds "9"]
[EventCountry "RUS"]
[SourceTitle "CBM 203 Extra"]
[Source "ChessBase"]
[SourceDate "2021.09.30"]
[SourceVersion "1"]
[SourceVersionDate "2021.09.30"]
[SourceQuality "1"]

1. d4 Nf6 2. Nf3 e6 3. Bf4 c5 4. c3 d5 5. e3 Nc6 6. Nbd2 Bd6 7. Ne5 Qc7 8. Nxc6 bxc6 9. Bg3 e5 10. dxe5 Bxe5 11. Nf3 Bxg3 12. hxg3 Bf5 13. Bd3 Be4 14. Qc2 Rb8 15. Bxe4 Nxe4 16. Nd2 Nxd2 17. Qxd2 h6 18. c4 Qe5 19. 0-0 Qxb2 20. Qd1 0-0 21. cxd5 Rfd8 22. e4 cxd5 23. exd5 Qd4 24. Qc2 Qxd5 25. Rac1 Rdc8 26. Rfd1 Qe6 27. Qa4 a6 28. Rc3 Qc6 29. Rd8+ Kh7 30. Qc2+ Qg6 31. Qxg6+ Kxg6 32. Rd6+ f6 1/2-1/2

[Event "Voronezh Raev Memorial"]
[Site "Voronezh"]
[Date "2020.01.06"]
[Round "5"]
[White "Mnatsakanian, Arsen"]
[Black "Gitelson, Arkady"]
[Result "0-1"]
[WhiteElo "2285"]
[BlackElo "2314"]
[PlyCount "54"]
[EventDate "2020.01.03"]
[EventType "tourn"]
[EventRounds "9"]
[EventCountry "RUS"]
[EventCategory "3"]
[SourceTitle "CBM 194 Extra"]
[Source "ChessBase"]
[SourceDate "2020.03.31"]
[SourceVersion "1"]
[SourceVersionDate "2020.03.31"]
[SourceQuality "1"]

1. e4 e6 2. d3 d5 3. Nd2 Nf6 4. g3 dxe4 5. dxe4 b6 6. e5 Bb7 7. exf6 Bxh1 8. fxg7 Bxg7 9. Qg4 Qf6 10. f3 h5 11. Qe4 Qe5 12. Qxe5 Bxe5 13. Nc4 Bd4 14. Be3 Bxe3 15. Nxe3 h4 16. Kf2 hxg3+ 17. Kxg3 Nd7 18. h3 Rg8+ 19. Kf2 Rxg1 20. Kxg1 Bxf3 21. Bd3 Ke7 22. Kf2 Bb7 23. h4 Rh8 24. Kg3 f5 25. Kh3 Ne5 26. Rg1 Kf6 27. Rf1 Ng6 0-1

[Event "St Petersburg Korchnoi Memorial op"]
[Site "St Petersburg"]
[Date "2019.08.20"]
[Round "7"]
[White "Mnatsakanian, Arsen"]
[Black "Yurasova, Daria"]
[Result "1-0"]
[WhiteElo "2310"]
[BlackElo "2182"]
[PlyCount "59"]
[EventDate "2019.08.14"]
[EventType "swiss"]
[EventRounds "9"]
[EventCountry "RUS"]
[SourceTitle "CBM 192"]
[Source "ChessBase"]
[SourceDate "2019.10.31"]
[SourceVersion "1"]
[SourceVersionDate "2019.10.31"]
[SourceQuality "1"]

1. e4 e5 2. Bc4 Nc6 3. d3 Nf6 4. Nf3 Bc5 5. c3 d6 6. h3 a6 7. 0-0 Ba7 8. Re1 h6 9. Nbd2 g5 10. Nf1 g4 11. hxg4 Nxg4 12. d4 Qf6 13. Bd5 Ne7 14. Ne3 Rg8 15. Kf1 Qg6 16. Nxg4 Qxg4 17. g3 Qh3+ 18. Kg1 Nxd5 19. exd5 Bd7 20. Nxe5 dxe5 21. Rxe5+ Kd8 22. Qf3 Kc8 23. Qxf7 Rd8 24. Bf4 Bb6 25. f3 Bb5 26. a4 Bc4 27. Re7 Rd7 28. Re8+ Rd8 29. Rxd8+ Kxd8 30. Re1 1-0

[Event "St Petersburg Korchnoi Memorial op"]
[Site "St Petersburg"]
[Date "2019.08.19"]
[Round "6"]
[White "Zaitseva, Lyudmila"]
[Black "Mnatsakanian, Arsen"]
[Result "0-1"]
[WhiteElo "2100"]
[BlackElo "2310"]
[PlyCount "88"]
[EventDate "2019.08.14"]
[EventType "swiss"]
[EventRounds "9"]
[EventCountry "RUS"]
[SourceTitle "CBM 192"]
[Source "ChessBase"]
[SourceDate "2019.10.31"]
[SourceVersion "1"]
[SourceVersionDate "2019.10.31"]
[SourceQuality "1"]

1. e4 d6 2. d4 Nf6 3. Nc3 Nbd7 4. Nf3 e5 5. Bc4 Be7 6. 0-0 0-0 7. a4 c6 8. h3 Qc7 9. Bb3 exd4 10. Qxd4 Nc5 11. Ba2 a5 12. Re1 Nfd7 13. Bf4 Ne6 14. Bxe6 fxe6 15. e5 d5 16. Bg3 Qb6 17. Qg4 Nc5 18. Nd4 Qxb2 19. Nce2 Qb6 20. Rab1 Qa6 21. h4 Rf7 22. h5 Ne4 23. Bf4 Qc4 24. Rb3 c5 25. Nb5 Qxc2 26. Rf3 Bd7 27. Nc7 Raf8 28. Nxd5 Qxa4 29. Nxe7+ Rxe7 30. Be3 Rf5 31. Nf4 Ref7 32. h6 Rxe5 33. Nh5 g6 34. Ng7 Nd2 35. Rg3 Qxg4 36. Rxg4 Nb3 37. Rd1 Rd5 38. Rb1 a4 39. Rb2 b5 40. Re4 e5 41. f4 exf4 42. Bxf4 Rd4 43. Rxd4 Nxd4 44. Bd6 Nb3 0-1

[Event "Samara Polugaevsky Memorial 9th"]
[Site "Samara"]
[Date "2019.07.18"]
[Round "9"]
[White "Mnatsakanian, Arsen"]
[Black "Tunik, Gennady"]
[Result "1/2-1/2"]
[WhiteElo "2231"]
[BlackElo "2371"]
[PlyCount "93"]
[EventDate "2019.07.10"]
[EventType "swiss"]
[EventRounds "9"]
[EventCountry "RUS"]
[SourceTitle "EXT 2020"]
[Source "ChessBase"]
[SourceDate "2019.10.17"]
[SourceVersion "1"]
[SourceVersionDate "2019.10.17"]
[SourceQuality "1"]

1. e4 c5 2. b3 Nc6 3. Bb2 e5 4. Nc3 Nf6 5. Nd5 d6 6. Nxf6+ Qxf6 7. g3 Qg6 8. d3 Be7 9. h4 h5 10. Bg2 Bg4 11. Qd2 a5 12. f4 a4 13. a3 axb3 14. cxb3 Qe6 15. Qc2 Nd4 16. Bxd4 cxd4 17. f5 Qh6 18. Qd2 Qxd2+ 19. Kxd2 Kd7 20. Bf3 Ra6 21. Bxg4 hxg4 22. Ne2 Rha8 23. a4 b5 24. Rab1 bxa4 25. bxa4 R8a7 26. Rb2 Rxa4 27. Rhb1 Ra2 28. Nc1 Rxb2+ 29. Rxb2 g6 30. fxg6 fxg6 31. Nb3 Ke6 32. Ke2 Bf8 33. Nd2 Rf7 34. Rb6 Be7 35. Rb8 g5 36. hxg5 Bxg5 37. Nc4 Rg7 38. Re8+ Be7 39. Rh8 Rg6 40. Nb6 Bf6 41. Rh7 Bg7 42. Nd5 Kf7 43. Rh1 Bh6 44. Ra1 Bg5 45. Ra7+ Kf8 46. Ra8+ Kf7 47. Ra7+ 1/2-1/2

[Event "Jermuk Asrian Memorial 12th"]
[Site "Jermuk"]
[Date "2019.06.12"]
[Round "2"]
[White "Harutyunian, Tigran K"]
[Black "Mnatsakanian, Arsen"]
[Result "1-0"]
[WhiteElo "2552"]
[BlackElo "2255"]
[PlyCount "65"]
[EventDate "2019.06.11"]
[EventType "swiss"]
[EventRounds "9"]
[EventCountry "ARM"]
[SourceTitle "CBM 191 Extra"]
[Source "ChessBase"]
[SourceDate "2019.09.30"]
[SourceVersion "1"]
[SourceVersionDate "2019.09.30"]
[SourceQuality "1"]

1. c4 c5 2. Nf3 Nf6 3. Nc3 g6 4. e4 Nc6 5. d4 cxd4 6. Nxd4 Nxd4 7. Qxd4 Bg7 8. Be2 0-0 9. 0-0 d6 10. Qd3 a5 11. Be3 a4 12. Rab1 Bd7 13. Rfd1 Qa5 14. b4 axb3 15. axb3 Rfc8 16. b4 Qc7 17. Nb5 Bxb5 18. cxb5 Qd8 19. h3 Nd7 20. Qd5 Nb6 21. Qxb7 Na4 22. Bd2 e6 23. Rbc1 Bc3 24. b6 Bxd2 25. Rxc8 Rxc8 26. Rxd2 Rc1+ 27. Bf1 Kg7 28. Ra2 Nc3 29. Ra7 Kf6 30. Ra8 Qe7 31. Qxe7+ Kxe7 32. b7 Ne2+ 33. Kh2 1-0

[Event "Moscow op-A 15th"]
[Site "Moscow"]
[Date "2019.02.02"]
[Round "8"]
[White "Vetokhin, Ilia"]
[Black "Mnatsakanian, Arsen"]
[Result "0-1"]
[WhiteElo "2105"]
[BlackElo "2252"]
[PlyCount "64"]
[EventDate "2019.01.26"]
[EventType "swiss"]
[EventRounds "9"]
[EventCountry "RUS"]
[SourceTitle "CBM 188 Extra"]
[Source "ChessBase"]
[SourceDate "2019.02.26"]
[SourceVersion "1"]
[SourceVersionDate "2019.02.26"]
[SourceQuality "1"]

1. d4 Nf6 2. c4 c5 3. d5 e6 4. Nc3 exd5 5. cxd5 d6 6. e4 g6 7. f4 Bg7 8. Bb5+ Nfd7 9. Nf3 a6 10. Bd3 b5 11. 0-0 0-0 12. Kh1 Re8 13. a3 Ra7 14. Bc2 Rb7 15. f5 Nf6 16. Bg5 Nbd7 17. Qd2 Qc7 18. Rae1 b4 19. Nd1 a5 20. Qf4 c4 21. Ba4 c3 22. bxc3 bxa3 23. Bc6 a2 24. Nf2 Rb2 25. fxg6 hxg6 26. Bxf6 Nxf6 27. Bxe8 Ba6 28. Ng5 Nxe8 29. Nxf7 Bxf1 30. Rxf1 Rb1 31. Ng4 Rxf1+ 32. Qxf1 Qxf7 0-1

[Event "Moscow op-A 15th"]
[Site "Moscow"]
[Date "2019.02.01"]
[Round "7"]
[White "Mnatsakanian, Arsen"]
[Black "Skvortsov, Andrei"]
[Result "1-0"]
[WhiteElo "2252"]
[BlackElo "2128"]
[PlyCount "113"]
[EventDate "2019.01.26"]
[EventType "swiss"]
[EventRounds "9"]
[EventCountry "RUS"]
[SourceTitle "CBM 188 Extra"]
[Source "ChessBase"]
[SourceDate "2019.02.26"]
[SourceVersion "1"]
[SourceVersionDate "2019.02.26"]
[SourceQuality "1"]

1. e4 c5 2. Nc3 d6 3. d4 cxd4 4. Qxd4 Nc6 5. Qd3 Nf6 6. Nf3 g6 7. e5 Bf5 8. Qb5 dxe5 9. Qxb7 Qc8 10. Qxc8+ Bxc8 11. Bb5 Bd7 12. 0-0 Bg7 13. Rd1 Rc8 14. Be3 e4 15. Nd4 Nxd4 16. Bxd7+ Nxd7 17. Bxd4 Bxd4 18. Rxd4 f5 19. Ra4 Rc7 20. Nb5 Rb7 21. c4 Nb6 22. Rxa7 Rxa7 23. Nxa7 Nxc4 24. b3 Nd6 25. Nc6 Kd7 26. Nb4 Rb8 27. Na6 Rc8 28. b4 Rc2 29. a4 Nc4 30. a5 Kc6 31. h4 Kb5 32. Nc7+ Kxb4 33. a6 Nb6 34. Rb1+ Ka5 35. Rb5+ Ka4 36. Rxb6 Rxc7 37. Rb7 Rc8 38. a7 Ra8 39. Rxe7 h6 40. Rg7 Kb4 41. Kh2 g5 42. hxg5 hxg5 43. Rxg5 Rxa7 44. Rxf5 Kc4 45. g4 Kd4 46. Kg3 Ra1 47. g5 Ra3+ 48. Kg4 e3 49. fxe3+ Rxe3 50. g6 Re1 51. Kg5 Ke4 52. Rf8 Rg1+ 53. Kf6 Rf1+ 54. Ke7 Rg1 55. Kf7 Rf1+ 56. Kg8 Rg1 57. g7 1-0

[Event "Poti op 13th"]
[Site "Poti"]
[Date "2018.07.20"]
[Round "9"]
[White "Vakhania, Alexandra"]
[Black "Mnatsakanian, Arsen"]
[Result "1/2-1/2"]
[WhiteElo "2182"]
[BlackElo "2047"]
[PlyCount "150"]
[EventDate "2018.07.13"]
[EventType "swiss"]
[EventRounds "9"]
[EventCountry "GEO"]
[SourceTitle "CBM 185 Extra"]
[Source "ChessBase"]
[SourceDate "2018.07.29"]
[SourceVersion "1"]
[SourceVersionDate "2018.07.29"]
[SourceQuality "1"]

1. e4 d5 2. exd5 Qxd5 3. Nc3 Qd6 4. d4 Nf6 5. Nge2 c6 6. Bf4 Qd8 7. Ng3 Be6 8. Be2 Nbd7 9. 0-0 g6 10. Nce4 Nxe4 11. Nxe4 Bf5 12. Ng5 h6 13. Nf3 g5 14. Bg3 Bg7 15. Re1 Kf8 16. Bd3 Bxd3 17. Qxd3 e6 18. c4 Kg8 19. Rad1 Qb6 20. b4 Rd8 21. c5 Qxb4 22. Bd6 Qa5 23. Qb3 b6 24. Rxe6 fxe6 25. Qxe6+ Kh7 26. Qf5+ Kg8 27. Be7 b5 28. Qe6+ Kh7 29. Qe4+ Kg8 30. Bxd8 Qxd8 31. Qxc6 Bf6 32. d5 Kg7 33. Qxb5 Re8 34. h3 Nf8 35. d6 Ne6 36. Rb1 Rf8 37. Qc4 Qd7 38. Qd5 Nd8 39. Nd4 Bxd4 40. Qxd4+ Rf6 41. Rb3 Nc6 42. Qb2 Qe6 43. Rb7+ Kg8 44. d7 Rf7 45. Rb8+ Rf8 46. Rxf8+ Kxf8 47. Qh8+ Kf7 48. Qh7+ Kf8 49. g3 Qf6 50. Qe4 Kg7 51. a4 Qa1+ 52. Kh2 Qf6 53. Kg2 Nd8 54. Kg1 Nc6 55. h4 gxh4 56. gxh4 Qg6+ 57. Qg2 Kf6 58. Qxg6+ Kxg6 59. Kg2 Kf5 60. Kf3 Ne5+ 61. Ke3 Nxd7 62. c6 Nb6 63. a5 Nd5+ 64. Kd4 Ke6 65. Kc5 Nf4 66. Kb5 Kd6 67. Ka6 Kxc6 68. Kxa7 Ng6 69. h5 Nf4 70. Kb8 Kb5 71. Kc7 Nxh5 72. Kd6 Nf6 73. Ke5 h5 74. Kf4 h4 75. Kf3 Kxa5 1/2-1/2

[Event "Poti op 13th"]
[Site "Poti"]
[Date "2018.07.17"]
[Round "6"]
[White "Mnatsakanian, Arsen"]
[Black "Harutjunyan, Gevorg"]
[Result "0-1"]
[WhiteElo "2047"]
[BlackElo "2418"]
[PlyCount "66"]
[EventDate "2018.07.13"]
[EventType "swiss"]
[EventRounds "9"]
[EventCountry "GEO"]
[SourceTitle "CBM 185 Extra"]
[Source "ChessBase"]
[SourceDate "2018.07.29"]
[SourceVersion "1"]
[SourceVersionDate "2018.07.29"]
[SourceQuality "1"]

1. e4 c6 2. d4 d5 3. Nc3 dxe4 4. Nxe4 Nf6 5. Nxf6+ exf6 6. Nf3 Bd6 7. h3 0-0 8. Be2 Re8 9. 0-0 Nd7 10. Bd3 Nf8 11. c3 Be6 12. Nd2 Bc7 13. f4 c5 14. f5 Bd5 15. Nc4 cxd4 16. cxd4 Bc6 17. Be2 Qd5 18. Rf3 Rad8 19. Bf1 b5 20. Na3 Re4 21. Nc2 Qd6 22. Kf2 Ree8 23. Rd3 Be4 24. g3 Qd7 25. Rf3 Bxf5 26. Be3 Be4 27. a4 bxa4 28. Nb4 Bxf3 29. Qxf3 Bb6 30. Nc6 Rxe3 31. Kxe3 Bxd4+ 32. Ke2 Re8+ 33. Kd2 Bxb2+ 0-1

[Event "Poti op 13th"]
[Site "Poti"]
[Date "2018.07.14"]
[Round "3"]
[White "Der Manuelian, Haik O"]
[Black "Mnatsakanian, Arsen"]
[Result "1-0"]
[WhiteElo "2242"]
[BlackElo "2047"]
[PlyCount "159"]
[EventDate "2018.07.13"]
[EventType "swiss"]
[EventRounds "9"]
[EventCountry "GEO"]
[SourceTitle "CBM 185 Extra"]
[Source "ChessBase"]
[SourceDate "2018.07.29"]
[SourceVersion "1"]
[SourceVersionDate "2018.07.29"]
[SourceQuality "1"]

1. e4 c5 2. Nf3 e6 3. d4 cxd4 4. Nxd4 Nf6 5. Nc3 Nc6 6. Ndb5 d6 7. Bf4 e5 8. Bg5 a6 9. Na3 b5 10. Nd5 Be7 11. Bxf6 Bxf6 12. c3 0-0 13. Nc2 g6 14. a4 bxa4 15. Rxa4 Bg7 16. Bc4 Na5 17. Bd3 Nb3 18. Ra3 Nc5 19. b4 Nxd3+ 20. Qxd3 Rb8 21. 0-0 f5 22. exf5 gxf5 23. f4 Bb7 24. Nce3 Kh8 25. c4 e4 26. Qd2 Rc8 27. Rd1 Rc6 28. Qe2 Bc8 29. Kh1 Be6 30. Qa2 Bc8 31. Qb3 Be6 32. b5 axb5 33. cxb5 Rc5 34. b6 Qb8 35. Ra7 Rfc8 36. Rxg7 Kxg7 37. Qb2+ Kg8 38. Qf6 Re8 39. Ne7+ Rxe7 40. Qxe7 Bf7 41. Qxd6 Qxd6 42. Rxd6 Kg7 43. Kg1 Rb5 44. Kf2 Kf8 45. Rf6 Kg7 46. Rxf5 Rxb6 47. Re5 Rb4 48. Kg3 h5 49. f5 Kf6 50. Kf4 Rb2 51. Rxe4 Rf2+ 52. Kg3 Rb2 53. Kh4 Rb1 54. h3 Rh1 55. Ra4 Re1 56. Ra3 Rh1 57. Ra6+ Ke5 58. Ra7 Kf6 59. g4 hxg4 60. Nxg4+ Kxf5 61. Rxf7+ Kg6 62. Rf6+ Kg7 63. Re6 Kf7 64. Re3 Kg6 65. Rf3 Ra1 66. Rf6+ Kg7 67. Kg5 Ra4 68. Rg6+ Kf7 69. Nh6+ Kf8 70. h4 Ra5+ 71. Nf5 Ra7 72. h5 Rb7 73. h6 Ra7 74. Re6 Rc7 75. Kg6 Rc1 76. Rf6+ Ke8 77. h7 Rg1+ 78. Kh6 Rh1+ 79. Kg7 Rg1+ 80. Rg6 1-0

[Event "Sochi Doroshkevich Amateur op"]
[Site "Sochi"]
[Date "2017.12.26"]
[Round "7"]
[White "Lopukhin, Anatoly Viktorovich"]
[Black "Mnatsakanian, Arsen"]
[Result "1-0"]
[WhiteElo "2310"]
[BlackElo "2218"]
[PlyCount "59"]
[EventDate "2017.12.21"]
[EventType "swiss"]
[EventRounds "9"]
[EventCountry "RUS"]
[SourceTitle "CBM 182 Extra"]
[Source "ChessBase"]
[SourceDate "2018.02.23"]
[SourceVersion "1"]
[SourceVersionDate "2018.02.23"]
[SourceQuality "1"]

1. c4 e5 2. g3 d6 3. Bg2 g6 4. Nc3 Bg7 5. e4 Ne7 6. d3 0-0 7. h4 h6 8. f4 c6 9. h5 exf4 10. gxf4 Be6 11. hxg6 fxg6 12. f5 gxf5 13. Bxh6 Nd7 14. Qd2 f4 15. Bh3 Bxh3 16. Bxg7 Kxg7 17. Nxh3 Ng6 18. 0-0-0 Nde5 19. Rdf1 Qf6 20. Ne2 f3 21. Ng3 Rh8 22. Kc2 Nh4 23. Nf4 Qf7 24. Rxh4 Rxh4 25. Nf5+ Kf6 26. Nxh4 Rh8 27. Nfg6 Rh5 28. Nxe5 Kxe5 29. Nxf3+ Ke6 30. Ng5+ 1-0

[Event "RUS-ch blitz"]
[Site "Sochi"]
[Date "2017.10.02"]
[Round "16"]
[White "Kozak, Adam"]
[Black "Mnatsakanian, Arsen"]
[Result "1/2-1/2"]
[WhiteElo "2315"]
[BlackElo "2200"]
[PlyCount "137"]
[EventDate "2017.10.02"]
[EventType "swiss (blitz)"]
[EventRounds "20"]
[EventCountry "RUS"]
[SourceTitle "EXT 2018"]
[Source "ChessBase"]
[SourceDate "2017.10.13"]
[SourceVersion "1"]
[SourceVersionDate "2017.10.13"]
[SourceQuality "1"]

1. e4 c5 2. c3 e5 3. Nf3 Nc6 4. Bc4 d6 5. 0-0 Nf6 6. Qe2 Be7 7. a4 0-0 8. Na3 Bg4 9. h3 Bh5 10. d3 d5 11. exd5 Nxd5 12. g4 Bg6 13. Nxe5 Nxe5 14. Qxe5 Nb6 15. Bf4 Nxc4 16. dxc4 Bf6 17. Qxc5 Be7 18. Qd4 Bxa3 19. Rxa3 Qh4 20. Kh2 Rad8 21. Qxa7 Rd3 22. Bg3 Qe7 23. Raa1 Qe4 24. Rfd1 Rxd1 25. Rxd1 Qf3 26. Rg1 Re8 27. Qd4 h6 28. Qf4 Qd3 29. c5 Qa6 30. b3 Re2 31. h4 Be4 32. Rd1 Qe6 33. h5 Bc6 34. Rd8+ Kh7 35. Qf5+ Qxf5 36. gxf5 Re1 37. Bd6 Rh1+ 38. Kg3 Rxh5 39. Kf4 Rh4+ 40. Ke3 Rh3+ 41. Bg3 h5 42. Kd2 h4 43. Bc7 Rf3 44. Ke1 Rxc3 45. Rd4 h3 46. Rh4+ Kg8 47. b4 Bg2 48. Kd2 Ra3 49. b5 g5 50. fxg6 fxg6 51. a5 g5 52. Rg4 Rb3 53. Rxg5+ Kf7 54. c6 bxc6 55. b6 c5 56. a6 c4 57. Rc5 Rxb6 58. Bxb6 h2 59. Rh5 h1Q 60. Rxh1 Bxh1 61. Kc3 Ke6 62. Kxc4 Kd7 63. Kc5 Kc8 64. Ba7 Bg2 65. f4 Bf1 66. Kb6 Bd3 67. Ka5 Kc7 68. Bd4 Kb8 69. Kb6 1/2-1/2

[Event "RUS-ch blitz"]
[Site "Sochi"]
[Date "2017.10.02"]
[Round "15"]
[White "Mnatsakanian, Arsen"]
[Black "Kozak, Adam"]
[Result "0-1"]
[WhiteElo "2200"]
[BlackElo "2315"]
[PlyCount "102"]
[EventDate "2017.10.02"]
[EventType "swiss (blitz)"]
[EventRounds "20"]
[EventCountry "RUS"]
[SourceTitle "EXT 2018"]
[Source "ChessBase"]
[SourceDate "2017.10.13"]
[SourceVersion "1"]
[SourceVersionDate "2017.10.13"]
[SourceQuality "1"]

1. e4 d5 2. exd5 Nf6 3. Nc3 Nxd5 4. Bc4 Nb6 5. Bb3 c5 6. d3 Nc6 7. Nf3 Bf5 8. 0-0 e6 9. a4 Na5 10. Ba2 c4 11. d4 Bb4 12. Ne2 0-0 13. Bd2 Nc6 14. c3 Be7 15. Bb1 Bxb1 16. Qxb1 Na5 17. Nc1 Qd5 18. Re1 Bf6 19. Bf4 Rac8 20. Be5 Be7 21. Qc2 Rfd8 22. Qd2 Qc6 23. Bg3 Nxa4 24. Ne5 Qe8 25. Qc2 b5 26. f4 g6 27. f5 gxf5 28. Bf4 Nc6 29. Re3 Nxe5 30. Bxe5 f6 31. Bf4 Qf7 32. Qe2 Rc6 33. Qf2 Kh8 34. Ne2 Bf8 35. d5 Rxd5 36. Nd4 Rb6 37. Rae1 Nc5 38. Qg3 Ne4 39. Qh4 e5 40. Nxf5 exf4 41. Rxe4 Rxf5 42. Re8 Rb7 43. Qh6 Kg8 44. Rd8 Re5 45. Rxe5 fxe5 46. Qg5+ Qg7 47. Qf5 Re7 48. Qe4 Qf7 49. h4 Kg7 50. h5 Re6 51. Rb8 Bc5+ 0-1

[Event "EU-ch U14 26th"]
[Site "Prague"]
[Date "2016.08.24"]
[Round "6"]
[White "Ongut, Tamas Gunes"]
[Black "Mnatsakanian, Arsen"]
[Result "0-1"]
[WhiteElo "2063"]
[BlackElo "2195"]
[PlyCount "66"]
[EventDate "2016.08.18"]
[EventType "swiss"]
[EventRounds "9"]
[EventCountry "CZE"]
[SourceTitle "CBM 174 Extra"]
[Source "ChessBase"]
[SourceDate "2016.10.10"]
[SourceVersion "1"]
[SourceVersionDate "2016.10.10"]
[SourceQuality "1"]

1. e4 c5 2. Nf3 e6 3. d4 cxd4 4. Nxd4 Nf6 5. Nc3 Nc6 6. Nxc6 bxc6 7. e5 Nd5 8. Ne4 f5 9. exf6 Nxf6 10. Nd6+ Bxd6 11. Qxd6 Qa5+ 12. Bd2 Qd5 13. Qxd5 cxd5 14. Bd3 0-0 15. Bb4 Re8 16. 0-0-0 Bb7 17. Rhe1 Rac8 18. f3 e5 19. Bf5 g6 20. Bh3 Bc6 21. Bd2 d4 22. Bg5 Nd5 23. f4 Nb4 24. Rxe5 Rxe5 25. fxe5 Bxg2 26. Bxg2 Rxc2+ 27. Kb1 Rxg2 28. Rxd4 Nc6 29. Rxd7 Rxg5 30. e6 Re5 31. h4 Nb4 32. e7 Nc6 33. Rd8+ Kf7 0-1

[Event "EU-ch U14 26th"]
[Site "Prague"]
[Date "2016.08.22"]
[Round "5"]
[White "Georgakopoulos, Nikolaos K"]
[Black "Mnatsakanian, Arsen"]
[Result "0-1"]
[WhiteElo "2059"]
[BlackElo "2195"]
[PlyCount "72"]
[EventDate "2016.08.18"]
[EventType "swiss"]
[EventRounds "9"]
[EventCountry "CZE"]
[SourceTitle "CBM 174 Extra"]
[Source "ChessBase"]
[SourceDate "2016.10.10"]
[SourceVersion "1"]
[SourceVersionDate "2016.10.10"]
[SourceQuality "1"]

1. e4 c5 2. Nf3 e6 3. d4 cxd4 4. Nxd4 Nf6 5. Nc3 Nc6 6. Ndb5 d6 7. Bf4 e5 8. Bg5 a6 9. Na3 b5 10. Nd5 Be7 11. Bxf6 Bxf6 12. c3 0-0 13. Nc2 Bg5 14. a4 bxa4 15. Rxa4 Kh8 16. Bc4 Na5 17. Nce3 Bd7 18. Ra2 Bxe3 19. Nxe3 Nxc4 20. Nxc4 Be6 21. Ra4 Rb8 22. 0-0 Bxc4 23. Rxc4 Rxb2 24. Ra4 Qb6 25. Qd3 a5 26. Qd5 Rb5 27. Qd3 Re8 28. Ra2 h6 29. Rd2 Re6 30. Qh3 Rb1 31. Rdd1 Rxd1 32. Rxd1 Qb3 33. Rc1 a4 34. Qd3 a3 35. Qd5 Rf6 36. Rf1 Qxd5 0-1

[Event "EU-ch U14 26th"]
[Site "Prague"]
[Date "2016.08.19"]
[Round "2"]
[White "Fus, Jakub"]
[Black "Mnatsakanian, Arsen"]
[Result "1/2-1/2"]
[WhiteElo "2044"]
[BlackElo "2195"]
[PlyCount "78"]
[EventDate "2016.08.18"]
[EventType "swiss"]
[EventRounds "9"]
[EventCountry "CZE"]
[SourceTitle "CBM 174 Extra"]
[Source "ChessBase"]
[SourceDate "2016.10.10"]
[SourceVersion "1"]
[SourceVersionDate "2016.10.10"]
[SourceQuality "1"]

1. d4 Nf6 2. c4 d6 3. Nc3 Nbd7 4. e4 e5 5. d5 g6 6. f3 Bg7 7. Be3 a5 8. Qd2 0-0 9. 0-0-0 Nc5 10. Nge2 Ne8 11. h3 f5 12. exf5 Bxf5 13. Ng3 Nf6 14. Nxf5 gxf5 15. Qc2 Nh5 16. g4 Ng3 17. Rg1 Nxf1 18. Rdxf1 Qf6 19. Rf2 fxg4 20. hxg4 Qg6 21. Qxg6 hxg6 22. Bxc5 dxc5 23. Ne4 b6 24. Rh1 Rf4 25. Kd2 b5 26. b3 bxc4 27. bxc4 Rb8 28. Kc3 Rb4 29. Rc1 a4 30. Rh2 Bf8 31. Rcc2 Bg7 32. Rhf2 Bf8 33. Kd3 Rb1 34. Kc3 Be7 35. Kd2 a3 36. Rc1 Rb2+ 37. Rc2 Rb1 38. Rc1 Rb2+ 39. Rc2 Rb1 1/2-1/2